| 000 | 00773nam a2200181 i 4500 | ||
|---|---|---|---|
| 001 | 156814 | ||
| 003 | ES-MaACL | ||
| 005 | 20231227062555.0 | ||
| 008 | 040805s1884 sp |||| | spa d | ||
| 100 | 1 |
_aLabra, Rafael M. de, _d1840-1918 _969273 |
|
| 245 | 1 | 3 |
_aLa situación de Cuba en 1884 : _bdiscurso pronunciado en la sesión del Congreso de los Diputados de España celebrada en 20 de junio de 1884 / _cpor Rafael M. de Labra. |
| 260 |
_aMadrid : _b[s.n.], _c1884 ( _fImp. de Aurelio J. Alaria) |
||
| 300 |
_a24 p. ; _c31 cm. |
||
| 651 | 4 |
_aCuba- _xHistoria- _y1878-1895. _98095 |
|
| 710 | 1 |
_aEspaña. _bCortes Generales. _bCongreso. _93671 |
|
| 852 |
_aES-MaACL _jT-397-F-1 _z- Enc. hol., falto de cub. original _z- Enc. en un vol. facticio |
||
| 999 |
_c156814 _d156814 |
||